Nations in the 1948 Summer Olympics - Statistics

General Stats
  • This quiz has been taken 57 times
  • The average score is 52 of 59
Answer Stats
Hint Answer % Correct
Oceania Australia
98%
America Canada
98%
Europe France
98%
America Mexico
98%
Oceania New Zealand
98%
America United States
98%
Europe Austria
95%
Europe Belgium
95%
America Brazil
95%
America Colombia
95%
Europe Denmark
95%
Africa Egypt
95%
Europe Great Britain
95%
Europe Hungary
95%
Europe Iceland
95%
Europe Italy
95%
America Peru
95%
Asia Republic of China
95%
Africa South Africa
95%
America Uruguay
95%
Asia Afghanistan
93%
America Argentina
93%
America Chile
93%
Europe Czechoslovakia
93%
Europe Finland
93%
Asia Iran
93%
Europe Ireland
93%
Europe Norway
93%
America Panama
93%
Europe Sweden
93%
Europe Greece
90%
Asia Iraq
90%
Europe Luxembourg
90%
Europe Poland
90%
Europe Portugal
90%
America Venezuela
90%
Europe Yugoslavia
90%
America Cuba
88%
Asia India
88%
Europe Liechtenstein
88%
Europe Spain
88%
Europe Switzerland
88%
Europe Monaco
85%
Europe Netherlands
85%
Asia Burma
83%
Asia Philippines
83%
Asia Syria
83%
Asia Turkey
83%
Europe Malta
80%
America Jamaica
78%
Asia Lebanon
78%
Asia Ceylon
76%
Asia Pakistan
76%
America Guyana
73%
Asia Singapore
73%
America Bermuda
68%
America Trinidad and Tobago
68%
Asia South Korea
63%
America Puerto Rico
51%
No matching quizzes found
Score Distribution
Percent of People with Each Score
Percentile by Number Answered
Your Score History
You have not taken this quiz